000 01370nam a22002415a 4500
003 OSt
005 20170115114258.0
008 111123s2007 ua a fr 000 0 ara d
040 _aEG-ScBUE
_bara
_cEG-ScBUE
_dEG-ScBUE
043 _af-ua---
082 0 4 _a624.18340962
_bك و د
_222
110 1 _aمصر.
_bوزارة الإسكان والمرافق والمجتمعات العمرانية.
245 1 2 _aالكود المصري لتصميم وتنفيذ المنشآت الخرسانية :
_bكود رقم 203 - 2007 /
_cالمركز القومي لبحوث الإسكان والبناء، وزارة الإسكان والمرافق والمجتمعات العمرانية ؛ اللجنة الدائمة للإعداد الكود المصري.
250 _aط. التحديث الثالث.
260 _aالقاهرة :
_bوزارة الإسكان والمرافق والمجتمعات العمرانية، المركز القومي لبحوث الإسكان والبناء،
_c2007.
300 _a1 مج. (متعدد الترقيم) :
_bإيض ؛
_c2007.
650 7 _aالخرسانة المسلحة.
_zمصر.
_2BUEsh
_922217
650 7 _aالمنشآت الخرسانية
_zمصر.
_927849
_2BUEsh
651 _2BUEsh
653 _bENGARC
_cNovember2011
_cJanuary2017
710 2 _aاللجنة الدائمة للإعداد الكود المصري.
942 _2ddc
999 _c16249
_d16249